Estados beligerantes en la Península Ibérica y la cuenca de los Cárpatos entre los siglos IX-XIII. los elementos comparables de dos caminos de medieval historia militar de Europa /

Elmentve itt :
Bibliográfiai részletek
Szerző: Igaz Levente
Dokumentumtípus: Cikk
Megjelent: 2017
Sorozat:Chronica 13
Kulcsszavak:Ibériai-félsziget - 9-13. sz., Kárpát-medence története - 9-13. sz.
Tárgyszavak:
Online Access:http://acta.bibl.u-szeged.hu/48887
LEADER 00865nab a2200205 i 4500
001 acta48887
005 20251001094211.0
008 170705s2017 hu o 000 spa d
022 |a 1588 2039 
040 |a SZTE Egyetemi Kiadványok Repozitórium  |b hun 
041 |a spa 
100 1 |a Igaz Levente 
245 1 0 |a Estados beligerantes en la Península Ibérica y la cuenca de los Cárpatos entre los siglos IX-XIII.   |h [elektronikus dokumentum] :  |b los elementos comparables de dos caminos de medieval historia militar de Europa /  |c  Igaz Levente 
260 |c 2017 
300 |a 91-98 
490 0 |a Chronica  |v 13 
650 4 |a Bölcsészettudományok 
650 4 |a Történettudomány és régészet 
695 |a Ibériai-félsziget - 9-13. sz., Kárpát-medence története - 9-13. sz. 
856 4 0 |u http://acta.bibl.u-szeged.hu/48887/1/chronica_013_091-098.pdf  |z Dokumentum-elérés